| 000 | 00835nam a2200277Ia 4500 | ||
|---|---|---|---|
| 005 | 20251020182545.0 | ||
| 008 | 200515s9999 xx 000 0 und d | ||
| 020 | _a978-84-252-2926-8 | ||
| 082 | _a744.721/Ch56/2016 | ||
| 100 | _aChing, Francis D. K. | ||
| 245 | 0 | _aManual de dibujo arquitectónico | |
| 250 | _a5a ed. | ||
| 260 | _aBarcelona | ||
| 260 | _bGustavo Gili | ||
| 260 | _c2016 | ||
| 300 | _a266 p. | ||
| 300 | _bil. | ||
| 500 | _a1 ejemplar | ||
| 520 | _aSe incluyen los siguientes temas: El valor de línea y de tono.- La axonometría.- La perspectiva y sus formas de construcción.- El uso del valor de tono en las perspectivas.- El boceto a mano alzada | ||
| 650 | _aAXONOMETRIAS | ||
| 650 | _aDIBUJO | ||
| 650 | _aDIBUJO ARQUITECTONICO | ||
| 650 | _aPERSPECTIVA | ||
| 942 | _cLIB | ||
| 999 |
_c2529 _d2529 |
||